مكتبة جامعة عجلون الوطنية

فهرس بحث المكتبة

Normal view MARC view
  • اعداد: محمد، مصطفى شلابي ، علاء محمد شكري

Entry Personal Name

Number of records used in: 1

001 - CONTROL NUMBER

  • control field: 52053

003 - CONTROL NUMBER IDENTIFIER

  • control field: JO-AjAnu

005 - DATE AND TIME OF LATEST TRANSACTION

  • control field: 20230606082547.0

008 - FIXED-LENGTH DATA ELEMENTS

  • fixed length control field: 230606|| aca||aabn | a|a d

040 ## - CATALOGING SOURCE

  • Original cataloging agency: JO-AjAnu
  • Transcribing agency: JO-AjAnu

100 ## - HEADING--PERSONAL NAME

  • Personal name: اعداد: محمد، مصطفى شلابي ، علاء محمد شكري

670 ## - SOURCE DATA FOUND

  • Source citation: Work cat.: (JO-AjAnu)26603: اعداد: محمد، مصطفى شلابي ، علاء محمد شكري, author, دور المسؤولية الاجتماعية في زيادة القدرة التنافسية: دراسة ميدانية بالتطبيق على شركة موبايلي السعودية للاتصالات